000 00504nam a22001937a 4500
003 OSt
005 20151126145537.0
008 151126b xxu||||| |||| 00| 0 eng d
020 _a0710084692
040 _cDDC
082 _a370.71EDU 1980.
100 _aPeters R.S.
_96326
245 _aEducation and the education of teachers.
260 _aLondon.
_bRoutledge&Kegan Paul.
_c1980
300 _axii,195p;
_bill:
_c23cm
504 _aIncludes index.
650 _aEducation.
_91404
942 _2ddc
_cSLOAN
999 _c2702
_d2702